Intinerario .. de una vocación : Sacerdotal, Jesuítica, quijotesca, taurina / [por] Joaquín Gallo sarlat

Saved in:
Bibliographic Details
Main Author: Gallo Sarlt, Joaquín (autor)
Format: Book
Subjects:
Tags: Add Tag
No Tags, Be the first to tag this record!

MARC

LEADER 00000nam^a2200000^u^4500
001 000546315
005 20250521000000.0
008 060220s1000^^^^^^^^^^^^r^^^^^000^0^spa^d
009 20260310131406.843
035 |a FMI 000015901 
037 |a Acervo Xavier Clavigero 
096 |a 4.4/42/D 
100 |a Gallo Sarlt, Joaquín  |e (autor) 
245 1 0 |a Intinerario .. de una vocación : Sacerdotal, Jesuítica, quijotesca, taurina / [por] Joaquín Gallo sarlat 
264 |a México : Libros de México, 1972 
300 |a 92 p. 
336 |a texto  |b txt  |2 rdacontenido 
337 |a sin mediación  |b n  |2 rdamedio 
338 |a volumen  |b nc  |2 rdasoporte 
649 |a XX 
650 |a SACERDOTES 2. ESPIRITUALIDAD SACERDOTAL Y RELIGIOSA 
910 |a Fondo Francisco Migoya Covarrubias S.J. 
920 |a Impresos - Libros 
930 |a Fondos Especiales 
905 |a 134 
901 |a SBC23731  |b IT2  |c ESP  |u 20250521 
902 |a https://opac.biblio.iteso.mx/vufind/Record/000546315